| 000 | 00836cam a22002532 4500 | ||
|---|---|---|---|
| 001 | 0000001607 | ||
| 005 | 20151217151821.0 | ||
| 008 | 070319s xx 000 0 eng d | ||
| 020 | _a9966410538 : | ||
| 040 |
_aKABU _cKABU |
||
| 050 | 0 |
_aHC800 _b.Z9E5035 |
|
| 100 | 1 |
_aOkidi, C. O. _@0000150490 |
|
| 245 | 1 | 0 |
_aEnvironment and development in Africa : _bpolicy initiatives. |
| 260 |
_aNairobi : _bActs Press, _c1993. |
||
| 300 | _avi, 34 p. | ||
| 650 | 0 |
_aEnvironmental policy _zAfrica. _@0000149758 |
|
| 908 | _a070319 | ||
| 950 | _@1 | ||
| 999 |
_c5331 _d5331 |
||